| 000 | 00431nam a2200181Ia 4500 | ||
|---|---|---|---|
| 008 | 180424s9999 xx 000 0 und d | ||
| 020 | _a9971514281 | ||
| 084 | _a510.78 D75 | ||
| 100 | _a"Dennis, Alan" | ||
| 245 | 0 | _aSystems Analysis and Design | |
| 250 | _a\\200200ENGGPCX | ||
| 260 | _aJohn Wiley | ||
| 260 | _b2002 | ||
| 260 | _cSingapore | ||
| 300 | _a516p. | ||
| 500 | _aincludes index and biblioraphy | ||
| 942 | _cBK | ||
| 999 |
_c67175 _d67175 |
||